000 00919cab a22001935a 4500
001 L137702
008 070424e2007 xxk 000 0 eng d
035 _a(Sirsi) u137702
041 0 _aeng
100 1 _aRichardson, Sarah
245 0 0 _aBovis Lend Lease cleans up in March
260 _c2007
490 0 _aBuilding
_v272(8476) 20 April 2007, 20-21(2)
520 _aBarbour ABI's monthly figures show EC Harris heading the table of top quantity surveyors for the 12 months to March 2007. Davis Langdon were runners up, with Turner and Townsend in third place. Balfour Beatty remained at the top of the contractors' league for the same period, with Bovis Lend Lease taking first place for monthly work won in March 2007. Also includes tables for architects and clients/promoters.
590 _aKA
651 4 _aUnited Kingdom
_y
690 _aBUILT ENVIRONMENT-QUANTITY SURVEYING-QUANTITY SURVEYORS
942 _n0
999 _c78693
_d78693